Administración estratégica: competitividad y conceptos de globalización
Saved in:
| Main Authors: | , , |
|---|---|
| Format: | Bog |
| Sprog: | spansk |
| Udgivet: |
Ciudad de México
International Thomson
2004
|
| Fag: | |
| Tags: |
Tilføj Tag
Ingen Tags, Vær først til at tagge denne postø!
|
MARC
| LEADER | 00000nam a2200000 a 4500 | ||
|---|---|---|---|
| 001 | UCK0798 | ||
| 003 | CL-VaPUC | ||
| 008 | 041022e20040000MX |||||||||||||||||spa|d | ||
| 020 | |a 9706862889 | ||
| 082 | 0 | 4 | |a 658.4012 |b HIT |2 21 |
| 100 | |a Hitt, Michael A |e autor |9 531547 | ||
| 700 | 0 | |a Ireland, R. Duane |e author |9 488697 | |
| 700 | 0 | |a Hoskisson, Robert E |e author |9 488698 | |
| 245 | 1 | 0 | |a Administración estratégica: competitividad y conceptos de globalización |
| 300 | |a 436 p | ||
| 942 | |c BK | ||
| 945 | |d 20041022 00:00:00 |a cmena | ||
| 260 | |a Ciudad de México |b International Thomson |c 2004 | ||
| 650 | 0 | |a Planificación estratégica |9 259735 | |
| 650 | 0 | |a Operaciones administrativas |9 335045 | |
| 650 | 0 | |a Competitividad |9 308495 | |
| 650 | 0 | |a Globalización |9 361930 | |
| 583 | |a last modification |c 20140409 05:35:45 |k Rodrigo Vera | ||
| 999 | |c 311061 |d 311059 | ||
| 952 | |0 0 |1 0 |4 0 |6 658_401200000000000_HIT_2004 |7 0 |8 A |9 380264 |a BIBENE |b BIBENE |d 2019-11-21 |i 4073657 |o 658.4012 HIT 2004 |p 4073657 |r 2025-01-15 |w 2019-11-21 |y BK |k ICO | ||
| 952 | |0 0 |1 0 |4 0 |6 658_401200000000000_HIT_2004 |7 0 |8 A |9 380265 |a BIBENE |b BIBENE |d 2019-11-21 |i 4073665 |o 658.4012 HIT 2004 |p 4073665 |r 2025-01-15 |w 2019-11-21 |y BK |k ICO | ||
| 952 | |0 0 |1 0 |4 0 |6 658_401200000000000_HIT_2004 |7 0 |8 A |9 380266 |a BIBENE |b BIBENE |d 2019-11-21 |i 4073673 |o 658.4012 HIT 2004 |p 4073673 |r 2025-01-15 |w 2019-11-21 |y BK |k ICO | ||
| 952 | |0 0 |1 0 |4 0 |6 658_401200000000000_HIT_2004 |7 0 |8 A |9 380267 |a BIBENE |b BIBENE |d 2019-11-21 |i 4113233 |o 658.4012 HIT 2004 |p 4113233 |r 2025-01-15 |w 2019-11-21 |y BK |k ICO | ||
| 952 | |0 0 |1 0 |4 0 |6 658_401200000000000_HIT_2004 |7 0 |8 A |9 380268 |a BIBENE |b BIBENE |d 2019-11-21 |i 4113241 |o 658.4012 HIT 2004 |p 4113241 |r 2025-01-15 |w 2019-11-21 |y BK |k ICO | ||
| 952 | |0 0 |1 0 |4 0 |6 658_401200000000000_HIT_2004 |7 0 |8 A |9 380269 |a BIBENE |b BIBENE |d 2019-11-21 |i 4427750 |o 658.4012 HIT 2004 |p 4427750 |r 2025-01-15 |w 2019-11-21 |y BK |k ICO | ||